Eastern Utah Libraries Catalog: Duchesne, Heber, Roosevelt, & Vernal

The invention of lying (Record no. 283140)

MARC details
000 -LEADER
fixed length control field 03152ngm a2200625Ia 4500
001 - CONTROL NUMBER
control field ocn830037955
003 - CONTROL NUMBER IDENTIFIER
control field OCoLC
005 - DATE AND TIME OF LATEST TRANSACTION
control field 20200320192125.0
007 - PHYSICAL DESCRIPTION FIXED FIELD--GENERAL INFORMATION
fixed length control field vd cvaizq
008 - FIXED-LENGTH DATA ELEMENTS--GENERAL INFORMATION
fixed length control field 130315s2010 cau099 vleng d
020 ## - INTERNATIONAL STANDARD BOOK NUMBER
Terms of availability 15.95
024 1# - OTHER STANDARD IDENTIFIER
Standard number or code 883929047871
024 1# - OTHER STANDARD IDENTIFIER
Standard number or code 883929113767
028 42 - PUBLISHER NUMBER
Publisher number 3000024267
Source Warner Home Video
035 ## - SYSTEM CONTROL NUMBER
System control number (OCoLC)830037955
040 ## - CATALOGING SOURCE
Original cataloging agency IAK
Transcribing agency IAK
Modifying agency WACOL
041 1# - LANGUAGE CODE
Language code of text/sound track or separate title eng
-- fre
-- spa
-- eng
-- fre
-- spa
Language code of original and/or intermediate translations of text eng
049 ## - LOCAL HOLDINGS (OCLC)
Holding library WACL
050 14 - LIBRARY OF CONGRESS CALL NUMBER
Classification number PN1997.2
Item number .I58 2010
092 ## - LOCALLY ASSIGNED DEWEY CALL NUMBER (OCLC)
Classification number DVD
Item number Inv
245 04 - TITLE STATEMENT
Title The invention of lying
Medium [videorecording] /
Statement of responsibility, etc Warner Bros. Pictures presents in association with Radar Pictures and Media Rights Capital, a Lynda Obst production ; produced by Lynda Obst ... [et al.] ; written and directed by Ricky Gervais & Matthew Robinson.
250 ## - EDITION STATEMENT
Edition statement Rental.
260 ## - PUBLICATION, DISTRIBUTION, ETC. (IMPRINT)
Place of publication, distribution, etc Burbank, CA :
Name of publisher, distributor, etc Distributed by Warner Home Video,
Date of publication, distribution, etc [2010]
300 ## - PHYSICAL DESCRIPTION
Extent 1 videodisc (99 min.) :
Other physical details sd., col. ;
Dimensions 4 3/4 in.
538 ## - SYSTEM DETAILS NOTE
System details note DVD, NTSC, dual-layer format; region 1, widescreen presentation; Dolby digital surround 5.1.
546 ## - LANGUAGE NOTE
Language note English or Spanish dialogue with optional Spanish subtitles or English subtitles for the deaf and hard of hearing.
511 1# - PARTICIPANT OR PERFORMER NOTE
Participant or performer note Ricky Gervais, Jennifer Garner, Jonah Hill, Louis C.K., Jeffrey Tambor, Fionnula Flanagan, Rob Lowe, Tina Fey.
508 ## - CREATION/PRODUCTION CREDITS NOTE
Creation/production credits note Director of photography, Tim Suhrstedt ; editor, Chris Gill ; music, Tim Atack.
500 ## - GENERAL NOTE
General note Originally released as a motion picture in 2009.
520 ## - SUMMARY, ETC.
Summary, etc Mark is a desperate unemployed writer who lives in a world where everyone unfailingly tells the truth. People don't even know what fiction is. Every thought, no matter how humiliating or harsh, tumbles out unvarnished. Then one day, Mark becomes so desperate he concocts a lie. In a world where everyone is unfailingly honest, a lie is believed with total and absolute gullibility. Mark can get anything he wants. The one thing he truly wants is the love of a girl named Anna who happens to be the one person he can't bring himself to lie to.
650 #0 - SUBJECT ADDED ENTRY--TOPICAL TERM
Topical term or geographic name as entry element Truthfulness and falsehood
Form subdivision Drama.
9 (RLIN) 5690626
650 #0 - SUBJECT ADDED ENTRY--TOPICAL TERM
Topical term or geographic name as entry element Authors
Form subdivision Drama.
9 (RLIN) 5718813
650 #0 - SUBJECT ADDED ENTRY--TOPICAL TERM
Topical term or geographic name as entry element Unemployed
Form subdivision Drama.
9 (RLIN) 5886800
650 #0 - SUBJECT ADDED ENTRY--TOPICAL TERM
Topical term or geographic name as entry element Man-woman relationships
Form subdivision Drama.
9 (RLIN) 5673977
650 #0 - SUBJECT ADDED ENTRY--TOPICAL TERM
Topical term or geographic name as entry element Feature films.
9 (RLIN) 5886801
700 1# - ADDED ENTRY--PERSONAL NAME
Personal name Obst, Lynda Rosen.
9 (RLIN) 32448
700 1# - ADDED ENTRY--PERSONAL NAME
Personal name Gervais, Ricky.
9 (RLIN) 57541
700 1# - ADDED ENTRY--PERSONAL NAME
Personal name Robinson, Matthew,
Dates associated with a name 1978-
9 (RLIN) 5839944
700 1# - ADDED ENTRY--PERSONAL NAME
Personal name Garner, Jennifer,
Dates associated with a name 1973-
9 (RLIN) 58604
700 1# - ADDED ENTRY--PERSONAL NAME
Personal name Hill, Jonah,
Dates associated with a name 1983-
9 (RLIN) 74389
700 1# - ADDED ENTRY--PERSONAL NAME
Personal name C.K., Louis.
9 (RLIN) 71793
700 1# - ADDED ENTRY--PERSONAL NAME
Personal name Tambor, Jeffrey,
Dates associated with a name 1944-
9 (RLIN) 58519
700 1# - ADDED ENTRY--PERSONAL NAME
Personal name Flanagan, Fionnula,
Dates associated with a name 1941-
9 (RLIN) 64670
700 1# - ADDED ENTRY--PERSONAL NAME
Personal name Lowe, Rob.
9 (RLIN) 15380
700 1# - ADDED ENTRY--PERSONAL NAME
Personal name Fey, Tina,
Dates associated with a name 1970-
9 (RLIN) 71217
700 1# - ADDED ENTRY--PERSONAL NAME
Personal name Atack, Tim.
9 (RLIN) 5855162
710 2# - ADDED ENTRY--CORPORATE NAME
Corporate name or jurisdiction name as entry element Warner Bros. Pictures (1969- )
9 (RLIN) 68691
710 2# - ADDED ENTRY--CORPORATE NAME
Corporate name or jurisdiction name as entry element Radar Pictures.
9 (RLIN) 70131
710 2# - ADDED ENTRY--CORPORATE NAME
Corporate name or jurisdiction name as entry element Media Rights Capital (Firm)
9 (RLIN) 5801242
710 2# - ADDED ENTRY--CORPORATE NAME
Corporate name or jurisdiction name as entry element Warner Home Video (Firm)
9 (RLIN) 61103
942 ## - ADDED ENTRY ELEMENTS (KOHA)
Koha item type DVD
948 ## - LOCAL PROCESSING INFORMATION (OCLC); SERIES PART DESIGNATOR (RLIN)
Series part designator, SPT (RLIN) 03/05/2014
z (OCLC) Sirsi
994 ## -
-- 02
-- WACOL
996 ## -
-- 107860
-- 34301001280454
-- DVD
-- DVD
-- wcl
-- i
-- 39
-- 15.95
-- gift
-- Inv
-- 03/05/2014
-- 12/06/2019
-- 12/02/2019
Holdings
Withdrawn status Lost status Source of classification or shelving scheme Damaged status Not for loan Collection code Home library Current library Shelving location Date acquired Source of acquisition Cost, normal purchase price Total Checkouts Total Renewals Full call number Barcode Date last seen Date checked out Cost, replacement price Price effective from Koha item type
    Dewey Decimal Classification     Movies Wasatch County Library Wasatch County Library Audio Visual Area 03/05/2014 Donation 15.95 46 5 DVD Inv 34301001280454 02/25/2026 02/17/2026 15.95 03/20/2020 DVD
This project was made possible through a grant from the Institute of Museum and Library Service administered by the Utah State Library Division.

Wasatch County Library

  • 465 East 1200 South, Heber City, Utah 84032
  • Phone 435-654-1511 | Fax 435-654-6456

Hours

  • Monday - Friday 9:30 AM - 8:00 PM
  • Saturday 9:30 AM - 1:30 PM
  • Closed Sundays and Holidays